000
00281nam a22001097a 4500
008
160622b xxu||||| |||| 00| 0 eng d
100
_9
559
_a
Kentls Jack
245
_a
Hop, Skip and Jump Book
260
_a
USA
_b
Random House
_c
1974
300
_a
Hop, Skip and Jump Book
942
_2
ddc
_c
BK
999
_c
468
_d
468